000 00734nam a22002297a 4500
003 0
005 20250414095137.0
008 250412b xxu||||| |||| 00| 0 eng d
020 _a978-621-418-288-6
050 _aG 156.5
_b.L67 2023
100 _aLopez, Edilyn
245 _aSustainable tourism
_cEdilyn Lopez and two others
260 _aQuezon City, Philippines
_bWiseman's Books Trading, Inc.
_c2023
300 _aiii, 78 pages;
_c25cm.
504 _aIncludes bibliographical references and appendices.
650 _aSustainable tourism -- Ecotourism.
650 _aTourism—Environmental aspects.
650 _aTourism—Social aspects.
700 _aOsorno, Rene .
700 _aBajao, Grayfield.
942 _2lcc
_cBK
999 _c367385
_d367385